| 000 | 006130000a22001930004500 | ||
|---|---|---|---|
| 090 |
_aAR _b01441 |
||
| 245 | 1 | 0 | _aManatee mortality in the Southeastern United States from 1974 through 1977 |
| 650 | 1 | 4 |
_aEspecies en extinción _94653 |
| 650 | 1 | 4 |
_aMamíferos acuáticos _993274 |
| 650 | 1 | 4 |
_aCausas de mortalidad _993670 |
| 651 | 4 |
_dFlorida _pEstados Unidos _992749 |
|
| 653 |
_gTrichechus _eTrichechus manatus |
||
| 041 | 0 | _aInglés | |
| 700 | 1 |
_aCampbell, Howard W. _993626 |
|
| 700 | 1 |
_aOdell, Daniel K. _993308 |
|
| 100 | 1 |
_aIrvine, A. Blair _993279 |
|
| 942 | _cARTICULO | ||
| 773 | 1 |
_tPreprint _33 _q67-75 _d1978 |
|
| 999 |
_c10525 _d10525 |
||